[Event "FIDE World Uni Rapid-F 1st"]
[Site "Tornelo INT"]
[Date "2021.03.21"]
[Round "11"]
[White "Camp, Imogen AL"]
[Black "Mansour, Halim"]
[Result "1/2-1/2"]
[WhiteElo "1849"]
[BlackElo "1385"]
[PlyCount "111"]
[EventDate "2021.03.20"]
[EventType "swiss (rapid)"]
[EventRounds "12"]
[EventCountry "NET"]
[SourceTitle "EXT 2022"]
[Source "ChessBase"]
[SourceDate "2021.10.06"]
[SourceVersion "1"]
[SourceVersionDate "2021.10.06"]
[SourceQuality "1"]

1. d4 Nf6 2. c4 g6 3. Nc3 Bg7 4. e4 d6 5. Nf3 0-0 6. Be2 e5 7. 0-0 Nc6 8. d5 Ne7 9. Ne1 Nd7 10. Be3 f5 11. f3 f4 12. Bf2 g5 13. Rc1 Nf6 14. c5 h5 15. cxd6 cxd6 16. Nb5 Ne8 17. Nd3 Ng6 18. Rc4 a6 19. Nc3 b5 20. Rb4 Bd7 21. a4 a5 22. Rxb5 Bxb5 23. Nxb5 Rb8 24. b3 Nc7 25. Nb2 Nxb5 26. Bxb5 Rf7 27. Nc4 Bf8 28. Qd2 Ra8 29. Bb6 Qb8 30. Bxa5 g4 31. Bb4 Rg7 32. Kh1 Nh4 33. Qe1 Qd8 34. Bxd6 Bxd6 35. Nxd6 gxf3 36. gxf3 Ng2 37. Qb4 Ne3 38. Nf5 Nxf1 39. Nxg7 Kxg7 40. Bxf1 Rb8 41. Qc3 Qd6 42. Bc4 Rg8 43. b4 Kh6 44. Qe1 Qc7 45. Bb5 Qc2 46. Qf1 h4 47. Bc6 Rg3 48. a5 Qd2 49. a6 Rg7 50. b5 Rg2 51. Qxg2 Qd1+ 52. Qg1 Qxf3+ 53. Qg2 Qd1+ 54. Qg1 Qf3+ 55. Qg2 Qd1+ 56. Qg1 1/2-1/2

[Event "GBR-ch AM op 106th"]
[Site "Torquay"]
[Date "2019.07.30"]
[Round "2"]
[White "Camp, Imogen AL"]
[Black "Burke, Mitchell R"]
[Result "1/2-1/2"]
[WhiteElo "1850"]
[BlackElo "2013"]
[PlyCount "44"]
[EventDate "2019.07.29"]
[EventType "swiss"]
[EventRounds "5"]
[EventCountry "ENG"]
[SourceTitle "EXT 2021"]
[Source "ChessBase"]
[SourceDate "2020.10.23"]
[SourceVersion "1"]
[SourceVersionDate "2020.10.23"]
[SourceQuality "1"]

1. d4 Nf6 2. c4 g6 3. Nc3 Bg7 4. e4 d6 5. Nf3 0-0 6. Be2 Bg4 7. 0-0 a6 8. Be3 Nfd7 9. Ne1 Bxe2 10. Qxe2 Nc6 11. d5 Na5 12. Rc1 c5 13. b3 Rb8 14. Qd2 b5 15. cxb5 axb5 16. Bh6 b4 17. Bxg7 Kxg7 18. Nd1 Nf6 19. f3 Qb6 20. Kh1 Rfc8 21. Ne3 Qa6 22. Rf2 Nd7 1/2-1/2

[Event "Glorney Cup"]
[Site "Dublin"]
[Date "2019.07.24"]
[Round "5"]
[White "Camp, Imogen AL"]
[Black "Verma, Aditya"]
[Result "0-1"]
[WhiteElo "1850"]
[BlackElo "2119"]
[PlyCount "76"]
[EventDate "2019.07.22"]
[EventType "team-tourn"]
[EventRounds "5"]
[EventCountry "IRL"]
[SourceTitle "CBM 191 Extra"]
[Source "ChessBase"]
[SourceDate "2019.09.30"]
[SourceVersion "1"]
[SourceVersionDate "2019.09.30"]
[SourceQuality "1"]
[WhiteTeam "Wales"]
[BlackTeam "England"]
[WhiteTeamCountry "WLS"]
[BlackTeamCountry "ENG"]

1. d4 d5 2. c4 c6 3. Nf3 Nf6 4. e3 e6 5. Bd3 a6 6. b3 Nbd7 7. 0-0 c5 8. Nbd2 cxd4 9. exd4 b6 10. Ne5 Bb7 11. Ndf3 Be7 12. Qe2 0-0 13. Re1 Nxe5 14. dxe5 Ne4 15. cxd5 exd5 16. Bb2 Bb4 17. Rec1 Qe7 18. a3 Bc5 19. Bxe4 dxe4 20. Nd2 Rad8 21. b4 Bd4 22. Bxd4 Rxd4 23. Nb3 Rd3 24. Nd2 Rd4 25. Nc4 Qe6 26. Nd6 Bd5 27. f4 exf3 28. gxf3 f6 29. Re1 fxe5 30. Qxe5 Qg6+ 31. Qg3 Qxg3+ 32. hxg3 Bxf3 33. Re6 Rd2 34. Rae1 Rg2+ 35. Kh1 Rxg3+ 36. Kh2 Rg2+ 37. Kh1 h5 38. R6e3 Rd2+ 0-1

[Event "South Wales op 16th"]
[Site "Cardiff"]
[Date "2019.07.09"]
[Round "4"]
[White "Orton, Paul"]
[Black "Camp, Imogen AL"]
[Result "0-1"]
[WhiteElo "1584"]
[BlackElo "1850"]
[PlyCount "108"]
[EventDate "2019.07.07"]
[EventType "swiss"]
[EventRounds "9"]
[EventCountry "WLS"]
[SourceTitle "CBM 191 Extra"]
[Source "ChessBase"]
[SourceDate "2019.09.30"]
[SourceVersion "1"]
[SourceVersionDate "2019.09.30"]
[SourceQuality "1"]

1. d4 d5 2. Bf4 Nf6 3. e3 e6 4. Nf3 c5 5. c3 Bd6 6. Bg3 0-0 7. Nbd2 Nc6 8. Bd3 b6 9. Ne5 Bb7 10. Ndf3 Rc8 11. Rc1 Ne4 12. Qc2 f5 13. Nxc6 Bxc6 14. Bxd6 Qxd6 15. Ne5 b5 16. Qe2 b4 17. 0-0 bxc3 18. bxc3 Nf6 19. Rb1 c4 20. Bc2 Nd7 21. Nxd7 Qxd7 22. Rb2 Qd6 23. f4 Qa3 24. Rfb1 Qxc3 25. Bd1 Qa5 26. h3 Qc7 27. Qe1 Rb8 28. Qc3 Rb6 29. Kf2 Rfb8 30. h4 Rxb2+ 31. Rxb2 Rxb2+ 32. Qxb2 Qb6 33. Qc2 Qb4 34. g3 Qa3 35. Ke2 a5 36. Kd2 Qb4+ 37. Qc3 Kf7 38. Bc2 g6 39. a3 Qb6 40. Kc1 h6 41. Bd1 Kf6 42. Qd2 Qc7 43. Qe1 Bb5 44. Kc2 Ba4+ 45. Kc3 Qd6 46. Kb2 Qb6+ 47. Kc1 Bxd1 48. Qxd1 Qb5 49. Qc2 a4 50. Qb2 Qb3 51. Qxb3 axb3 52. Kb2 Ke7 53. Kc3 Kd7 54. Kb2 Kc6 0-1

[Event "North Wales op 4th"]
[Site "Llandudno"]
[Date "2019.06.22"]
[Round "3"]
[White "Van Kemenade, Rudy"]
[Black "Camp, Imogen AL"]
[Result "1/2-1/2"]
[WhiteElo "1931"]
[BlackElo "1886"]
[PlyCount "89"]
[EventDate "2019.06.21"]
[EventType "swiss"]
[EventRounds "5"]
[EventCountry "WLS"]
[SourceTitle "EXT 2020"]
[Source "ChessBase"]
[SourceDate "2019.10.17"]
[SourceVersion "1"]
[SourceVersionDate "2019.10.17"]
[SourceQuality "1"]

1. e4 e5 2. Nf3 Nc6 3. Bb5 a6 4. Ba4 d6 5. c4 Bd7 6. Nc3 Nf6 7. 0-0 g6 8. d4 exd4 9. Nxd4 Bg7 10. Bg5 h6 11. Bh4 0-0 12. Bc2 Qe8 13. Re1 Nxd4 14. Qxd4 Nh5 15. Qd2 Qe5 16. Nd5 g5 17. Bg3 Nxg3 18. hxg3 c6 19. Nc3 Rad8 20. Rad1 Be6 21. Bb3 b5 22. cxb5 Bxb3 23. axb3 axb5 24. b4 Qe6 25. Re3 Qc4 26. Ne2 Rfe8 27. Rc1 Qa2 28. Nd4 Bxd4 29. Qxd4 c5 30. Qf6 Qe6 31. Qxe6 Rxe6 32. bxc5 dxc5 33. Rxc5 Rd1+ 34. Kh2 Rd2 35. Rxb5 Rxf2 36. Rf3 Rd2 37. Rb8+ Kg7 38. Rb7 Rxe4 39. Rbxf7+ Kg6 40. R3f6+ Kh5 41. Rf2 Rxf2 42. Rxf2 Rb4 43. Kh3 Rb3 44. Rc2 Rb4 45. Rf2 1/2-1/2

[Event "WLS-ch 65th"]
[Site "Cardiff"]
[Date "2019.04.22"]
[Round "6"]
[White "Camp, Imogen AL"]
[Black "Brown, Thomas"]
[Result "1/2-1/2"]
[WhiteElo "1827"]
[BlackElo "2079"]
[PlyCount "64"]
[EventDate "2019.04.19"]
[EventType "swiss"]
[EventRounds "7"]
[EventCountry "WLS"]
[SourceTitle "CBM 189 Extra"]
[Source "ChessBase"]
[SourceDate "2019.06.03"]
[SourceVersion "1"]
[SourceVersionDate "2019.06.03"]
[SourceQuality "1"]

1. d4 Nf6 2. c4 g6 3. Nc3 Bg7 4. e4 d6 5. Nf3 0-0 6. Be2 Na6 7. 0-0 e5 8. Be3 c6 9. Ne1 exd4 10. Bxd4 Re8 11. f3 Nc7 12. Nc2 d5 13. cxd5 cxd5 14. e5 Nd7 15. f4 f6 16. exf6 Nxf6 17. Bf3 Bf5 18. Ne3 Be4 19. Nxe4 dxe4 20. Be2 Ne6 21. Be5 Qb6 22. Qb3 Nd7 23. Qxb6 Nxb6 24. Bxg7 Kxg7 25. f5 Nd4 26. Bg4 gxf5 27. Bxf5 Rad8 28. Rad1 Nd5 29. Nxd5 Rxd5 30. Rfe1 Ne2+ 31. Kf2 Rxf5+ 32. Kxe2 Re7 1/2-1/2

[Event "Coventry Warwickshire op"]
[Site "Coventry"]
[Date "2019.02.22"]
[Round "1"]
[White "Camp, Imogen AL"]
[Black "Okhai, Shabir"]
[Result "0-1"]
[WhiteElo "1903"]
[BlackElo "2092"]
[PlyCount "84"]
[EventDate "2019.02.22"]
[EventType "swiss"]
[EventRounds "5"]
[EventCountry "ENG"]
[SourceTitle "CBM 189 Extra"]
[Source "ChessBase"]
[SourceDate "2019.06.03"]
[SourceVersion "1"]
[SourceVersionDate "2019.06.03"]
[SourceQuality "1"]

1. d4 Nf6 2. c4 e6 3. Nf3 c5 4. e3 cxd4 5. exd4 d5 6. Nc3 Bb4 7. Bd3 Ne4 8. Qc2 Qa5 9. Bxe4 dxe4 10. Nd2 f5 11. 0-0 0-0 12. Nb3 Qd8 13. Bf4 g5 14. Bd2 Be7 15. Rad1 Nc6 16. Ne2 Qe8 17. Bc3 Bd6 18. d5 exd5 19. Rxd5 Bc7 20. Rdd1 Ne5 21. Bb4 Rf6 22. Ng3 Ng4 23. Rfe1 Rh6 24. h3 Nf6 25. Bd6 Bxd6 26. Rxd6 Qe7 27. Qd2 Rg6 28. Rd8+ Kf7 29. Nxf5 Bxf5 30. Rxa8 g4 31. hxg4 Bxg4 32. Kf1 Qc7 33. Qd8 Qxc4+ 34. Kg1 Rg8 35. Qa5 Rxa8 36. Nd2 Qc6 37. Qg5 Rg8 38. Qf4 e3 39. Qxe3 Qe6 40. Ne4 Qxe4 41. Qb3+ Qd5 42. Qa3 Be6 0-1

[Event "Glorney Cup"]
[Site "Paisley"]
[Date "2018.07.17"]
[Round "3.2"]
[White "Carroll, Peter"]
[Black "Camp, Imogen AL"]
[Result "0-1"]
[WhiteElo "1742"]
[BlackElo "1874"]
[PlyCount "86"]
[EventDate "2018.07.16"]
[EventType "team-tourn"]
[EventRounds "5"]
[EventCountry "SCO"]
[SourceTitle "EXT 2021"]
[Source "ChessBase"]
[SourceDate "2020.10.23"]
[SourceVersion "1"]
[SourceVersionDate "2020.10.23"]
[SourceQuality "1"]
[WhiteTeam "Ireland U18"]
[BlackTeam "Wales"]
[WhiteTeamCountry "IRL"]
[BlackTeamCountry "WLS"]

1. e4 e5 2. Nf3 Nc6 3. d4 exd4 4. Bc4 Bc5 5. c3 Nf6 6. cxd4 Bb4+ 7. Bd2 Bxd2+ 8. Nbxd2 d5 9. exd5 Nxd5 10. Qb3 Nce7 11. 0-0 0-0 12. Ne4 b6 13. Rac1 a5 14. Ne5 Bb7 15. Qh3 Ng6 16. Nxg6 hxg6 17. Qg3 Rc8 18. Rfd1 Nf6 19. Ng5 Nh7 20. Nxh7 Kxh7 21. d5 Qf6 22. Bb3 c5 23. Rc4 g5 24. Rg4 Qxb2 25. Rxg5 Qf6 26. Qh3+ Kg8 27. Rf5 Qb2 28. d6 c4 29. d7 cxb3 30. dxc8Q Bxc8 31. axb3 Qc2 32. Qd3 Qxd3 33. Rxd3 Bxf5 34. Rd6 Rb8 35. Kf1 Be6 36. Rd3 a4 37. Ke1 Bxb3 38. Kd2 b5 39. Kc3 Bc4 40. Rd7 a3 41. Ra7 a2 42. Kd4 Rd8+ 43. Kc5 Rd1 0-1

[Event "North Wales op 3rd"]
[Site "Llandudno"]
[Date "2018.06.23"]
[Round "2"]
[White "Camp, Imogen AL"]
[Black "Surtees, Michael"]
[Result "0-1"]
[WhiteElo "1832"]
[BlackElo "2167"]
[PlyCount "84"]
[EventDate "2018.06.22"]
[EventType "swiss"]
[EventRounds "5"]
[EventCountry "WLS"]
[SourceTitle "EXT 2020"]
[Source "ChessBase"]
[SourceDate "2019.10.17"]
[SourceVersion "1"]
[SourceVersionDate "2019.10.17"]
[SourceQuality "1"]

1. d4 e6 2. Nf3 Nf6 3. Bf4 h6 4. h3 d5 5. e3 Bd6 6. Bxd6 cxd6 7. Nbd2 b6 8. Bd3 Bb7 9. Qe2 Ne4 10. c4 a6 11. Rc1 Nd7 12. cxd5 exd5 13. Nb1 0-0 14. 0-0 Re8 15. Nfd2 Ndf6 16. Rc2 Re7 17. Rfc1 b5 18. Qd1 Qb6 19. Nxe4 dxe4 20. Bf1 Nd5 21. a3 Kh7 22. Nc3 Nf6 23. Ne2 Rf8 24. Nf4 g5 25. Ne2 h5 26. b3 Kg6 27. a4 b4 28. Kh2 h4 29. Ng1 Nd5 30. Ne2 f5 31. Qd2 Kg7 32. g3 hxg3+ 33. fxg3 Qd8 34. Bg2 a5 35. Rg1 Re6 36. Rcc1 Qf6 37. Rcf1 Qh6 38. Qe1 Nxe3 39. Rf2 Ng4+ 40. Kh1 Nxf2+ 41. Qxf2 e3 42. Qf1 Qxh3# 0-1